Empirical Bayes methods /

Guardado en:
Autor Principal: Maritz, J. S.
Formato: Libro
Idioma:English
Publicado: London : Methuen, 1970.
Series:Methuen's monographs on applied probability and statistics
Etiquetas: Agregar Etiqueta
Sin Etiquetas, Sea el primero en etiquetar este registro!
LEADER 00593nam a22001935a 4500
001 MAT.inmabb002335
008 700902s1970####enk######b####001#0#eng#d
005 20160601170210.0
245 1 0 |a Empirical Bayes methods /  |c J. S. Maritz. 
260 |a London :  |b Methuen,  |c 1970. 
300 |a viii, 159 p. ;  |c 23 cm. 
440 0 |a Methuen's monographs on applied probability and statistics 
504 |a Bibliografía: p. 153-155. 
510 4 |a MR,  |c 47 #2710 
020 |a 0416294405 
100 1 |a Maritz, J. S. 
084 |a 62C12 (62-01)  |2 MR 
010 |a  71496112  
859 |h 62  |i M342  |p A-4011  |b BIB. MATEMATICA